| 000 | 00864cam a22002893a 4500 | ||
|---|---|---|---|
| 001 | 33111 | ||
| 003 | PGUSA | ||
| 005 | 20140828083721.0 | ||
| 008 | 100708s2010||||xxu|||||s|||||000 | eng d | ||
| 040 |
_aPGUSA _beng |
||
| 042 | _adc | ||
| 050 | 4 | _aHQ | |
| 100 | 1 |
_aEngels, Friedrich, _d1820-1895 |
|
| 245 | 1 | 4 |
_aThe Origin of the Family, Private Property and the State _h[electronic resource] / _cFriedrich Engels |
| 260 |
_bProject Gutenberg, _c2010 |
||
| 506 | _aPublic domain in the USA. | ||
| 516 | _aElectronic text | ||
| 653 | _aMorgan, Lewis Henry, 1818-1881. Ancient society | ||
| 653 | _aPrimitive societies | ||
| 653 | _aFamilies -- History | ||
| 653 | _aProperty -- History | ||
| 653 | _aState, The | ||
| 700 | 1 | _aUntermann, Ernest | |
| 830 | 0 |
_aProject Gutenberg _v33111 |
|
| 856 | 4 | 0 | _uhttp://www.gutenberg.org/ebooks/33111 |
| 942 | _cEB | ||
| 999 |
_c262366 _d262366 |
||